भाडेकरूंचे 100 प्रश्न (Record no. 100636)

MARC details
000 -LEADER
fixed length control field 00703nam a2200181Ia 4500
008 - FIXED-LENGTH DATA ELEMENTS--GENERAL INFORMATION
fixed length control field 090124s9999 xx 000 0 und d
082 ## - DEWEY DECIMAL CLASSIFICATION NUMBER
Item number 34704
100 ## - MAIN ENTRY--PERSONAL NAME
Personal name कोरान्ने दिनकर गोविंद
245 ## - TITLE STATEMENT
Title भाडेकरूंचे 100 प्रश्न
250 ## - EDITION STATEMENT
Edition statement 2
260 ## - PUBLICATION, DISTRIBUTION, ETC. (IMPRINT)
Name of publisher, distributor, etc मॅजेस्टिक प्रकाशन
Date of publication, distribution, etc 1997
300 ## - PHYSICAL DESCRIPTION
Extent 67
600 ## - SUBJECT ADDED ENTRY--PERSONAL NAME
Personal name कोरान्ने दिनकर गोविंद
630 ## - SUBJECT ADDED ENTRY--UNIFORM TITLE
Uniform title भाडेकरूंचे 100 प्रश्न
700 ## - ADDED ENTRY--PERSONAL NAME
Personal name कोरान्ने दिनकर गोविंद
730 ## - ADDED ENTRY--UNIFORM TITLE
Uniform title भाडेकरूंचे 100 प्रश्न
942 ## - ADDED ENTRY ELEMENTS (KOHA)
Koha item type Book
Holdings
Withdrawn status Lost status Damaged status Not for loan Home library Current library Date acquired Cost, normal purchase price Total Checkouts Full call number Barcode Date last seen Cost, replacement price Price effective from Koha item type
        Nagar Wachan Mandir, Thane Nagar Wachan Mandir, Thane   30.00   34704 THNNWM-34704 01/24/2009 30.00 01/24/2009 Book